[Event "Leruitte 2011"]
[Site "CRELEL"]
[Date "2011.05.06"]
[Round "2"]
[White "Joassin, Stephane"]
[Black "Alessi, David"]
[Result "1-0"]
[WhiteElo "1747"]
[BlackElo "1724"]
[PlyCount "45"]
[EventDate "2011.??.??"]

1. e4 e5 2. Nf3 d6 3. d4 exd4 4. Nxd4 g6 5. Bc4 Bg7 6. Nc3 Nf6 7. f3 Nbd7 8.
Be3 Ne5 9. Bb3 O-O 10. Qd2 Nh5 11. O-O-O a6 12. g4 Nf6 13. g5 Nh5 14. f4 Nd7
15. Nde2 Re8 16. Ng3 Bxc3 17. Qxc3 Nxg3 18. hxg3 Nf8 19. f5 Rxe4 20. fxg6 Nxg6
21. Bxf7+ Kxf7 22. Rxh7+ Ke8 23. Qg7 1-0

[Event "Leruitte 2011"]
[Site "CRELEL"]
[Date "2011.06.17"]
[Round "7"]
[White "Szigetvari, Andre"]
[Black "Alessi, David"]
[Result "1-0"]
[WhiteElo "1782"]
[BlackElo "1724"]
[PlyCount "45"]
[EventDate "2011.??.??"]

1. e4 e5 2. f4 Bc5 3. Nf3 d6 4. Nc3 Bg4 5. Na4 Nd7 6. Bc4 Ngf6 7. Nxc5 Nxc5 8.
d3 O-O 9. O-O c6 10. h3 Bxf3 11. Qxf3 d5 12. exd5 cxd5 13. fxe5 dxc4 14. exf6
cxd3 15. fxg7 Kxg7 16. cxd3 Qxd3 17. Qf6+ Kg8 18. Qg5+ Qg6 19. Qxc5 Rac8 20.
Qf5 Qb6+ 21. Kh1 Rc7 22. Bf4 Rc6 23. Be5 1-0

[Event "Leruitte 2011"]
[Site "CRELEL"]
[Date "2011.05.06"]
[Round "2"]
[White "Iafelice, Luigi"]
[Black "Ancion, Merowig"]
[Result "1-0"]
[WhiteElo "1800"]
[BlackElo "1808"]
[PlyCount "71"]
[EventDate "2011.??.??"]

1. e4 e6 2. d4 c5 3. d5 exd5 4. exd5 d6 5. Nf3 Nf6 6. c4 g6 7. Nc3 Bg7 8. Be2
O-O 9. O-O Na6 10. Bg5 Nc7 11. Rc1 a6 12. a4 b6 13. Qd2 Rb8 14. Bh6 Bd7 15.
Bxg7 Kxg7 16. Rfe1 b5 17. axb5 axb5 18. b3 bxc4 19. bxc4 Na6 20. Qf4 Qc7 21.
Ng5 Ne8 22. h4 h6 23. Nge4 f5 24. Ng3 Qd8 25. Ra1 Nb4 26. Ra7 Rf7 27. h5 g5 28.
Qd2 Nc7 29. Nb5 Nxb5 30. cxb5 Qf6 31. Bc4 Bxb5 32. Rxf7+ Qxf7 33. Bxb5 Rxb5 34.
Re6 Rb6 35. Qc3+ Kh7 36. Nxf5 1-0

[Event "Leruitte 2011"]
[Site "CRELEL"]
[Date "2011.05.27"]
[Round "4"]
[White "Poljakovic, Sejfudin"]
[Black "Ancion, Merowig"]
[Result "0-1"]
[WhiteElo "1979"]
[BlackElo "1808"]
[PlyCount "72"]
[EventDate "2011.??.??"]

1. d4 Nf6 2. Nf3 d5 3. Bf4 Nbd7 4. e3 Nh5 5. Bg5 h6 6. Bh4 c6 7. Ne5 Nhf6 8.
Bd3 Nxe5 9. dxe5 Nd7 10. e6 Qa5+ 11. c3 fxe6 12. O-O Nf6 13. Bg6+ Kd8 14. e4
Bd7 15. e5 Be8 16. exf6 Bxg6 17. fxg7 Bxg7 18. Qg4 Rg8 19. Qxg6 Kd7 20. Qf7 Qc5
21. Re1 e5 22. Qf5+ Kc7 23. Qe6 Bf6 24. Bxf6 exf6 25. Qxf6 e4 26. Qe5+ Kd7 27.
Rxe4 Rae8 28. Qf5+ Kd8 29. Qf6+ Kc8 30. Nd2 dxe4 31. Re1 e3 32. Rxe3 Rxe3 33.
fxe3 Qxe3+ 34. Qf2 Re8 35. Qxe3 Rxe3 36. Kf2 Re5 0-1

[Event "Leruitte 2011"]
[Site "CRELEL"]
[Date "2011.06.17"]
[Round "7"]
[White "Remont, Leopold"]
[Black "Ancion, Merowig"]
[Result "0-1"]
[WhiteElo "2006"]
[BlackElo "1808"]
[PlyCount "40"]
[EventDate "2011.??.??"]

1. e4 e5 2. Nf3 Nc6 3. Bb5 a6 4. Ba4 Nf6 5. O-O b5 6. Bb3 Be7 7. Re1 d6 8. c3
Bg4 9. h3 Bh5 10. d3 Na5 11. Bc2 c5 12. Nbd2 O-O 13. Nf1 Nc6 14. Ng3 Bg6 15. b3
b4 16. d4 bxc3 17. dxc5 dxc5 18. Qxd8 Rfxd8 19. Ba3 Nd4 20. Rac1 Nb5 0-1

[Event "Leruitte 2011"]
[Site "CRELEL"]
[Date "2011.05.13"]
[Round "3"]
[White "Valembois, Pierre"]
[Black "Arabia, Allan"]
[Result "0-1"]
[WhiteElo "1150"]
[BlackElo "1197"]
[PlyCount "47"]
[EventDate "2011.??.??"]

1. e4 e5 2. d4 Nf6 3. Bg5 Be7 4. Nd2 exd4 5. Ngf3 Nxe4 6. Nxe4 Bxg5 7. Nfxg5 d5
8. Qxd4 f6 9. Nf3 dxe4 10. Qxe4+ Qe7 11. Qxe7+ Kxe7 12. O-O-O Bg4 13. Re1+ Kd8
14. h3 Bxf3 15. gxf3 h6 16. h4 Re8 17. Rd1+ Nd7 18. Bh3 Re7 19. Rd3 Ke8 20.
Bxd7+ Rxd7 21. Re1+ Re7 22. Rde3 Rxe3 23. fxe3 Rd8 24. Rg1 0-1

[Event "Leruitte 2011"]
[Site "CRELEL"]
[Date "2011.05.27"]
[Round "4"]
[White "Alessi, David"]
[Black "Aydogdu, Hakan"]
[Result "0-1"]
[WhiteElo "1724"]
[BlackElo "1681"]
[PlyCount "104"]
[EventDate "2011.??.??"]

1. e4 c5 2. b3 Nc6 3. Bb2 d6 4. Nf3 e5 5. Nc3 Be6 6. Ne2 Nf6 7. Ng3 h6 8. c3 d5
9. d3 d4 10. cxd4 cxd4 11. a3 Bd6 12. b4 Qb6 13. Bc1 a5 14. bxa5 Rxa5 15. Nd2
O-O 16. Be2 Rfa8 17. a4 Qa7 18. O-O Rxa4 19. Rb1 Rb4 20. Rxb4 Bxb4 21. Nh5 Nxh5
22. Bxh5 Qa5 23. Nc4 Qc5 24. f4 g6 25. f5 Bxc4 26. fxg6 fxg6 27. dxc4 d3+ 28.
Kh1 d2 29. Bxg6 dxc1=Q 30. Qxc1 Kg7 31. Qd1 Rf8 32. Bf5 Qe3 33. Qd7+ Rf7 34.
Qe6 Qg5 35. g4 Bd2 36. Kg2 Bf4 37. h4 Qxh4 38. Rh1 Qg3+ 39. Kf1 Qf3+ 40. Kg1
Be3+ 41. Kh2 Qf2+ 42. Kh3 Bf4 43. Qg6+ Kf8 44. Qd6+ Ne7 45. Qd3 Qe3+ 46. Qxe3
Bxe3 47. Ra1 Nc6 48. Bg6 Rc7 49. Rf1+ Bf4 50. Ra1 Nd4 51. Ra7 Nb3 52. Ra8+ Kg7
0-1

[Event "Leruitte 2011"]
[Site "CRELEL"]
[Date "2011.06.17"]
[Round "7"]
[White "Barbier, Frederic"]
[Black "Aydogdu, Hakan"]
[Result "0-1"]
[WhiteElo "1768"]
[BlackElo "1681"]
[PlyCount "138"]
[EventDate "2011.??.??"]

1. c4 e5 2. Nc3 Nf6 3. Nf3 d6 4. g3 Nc6 5. Bg2 Be7 6. d4 exd4 7. Nxd4 Bd7 8.
O-O O-O 9. Nxc6 Bxc6 10. e4 Re8 11. Nd5 h6 12. b4 a6 13. a4 Bf8 14. Qd4 Nh7 15.
Bb2 Ng5 16. f4 Ne6 17. Qd3 Rb8 18. f5 Ng5 19. b5 Bd7 20. h4 Nh7 21. Rf2 c6 22.
Nf4 Nf6 23. Bf3 Qc7 24. g4 d5 25. e5 dxc4 26. Qxc4 Rxe5 27. Bxe5 Qxe5 28. Rc1
axb5 29. axb5 cxb5 30. Re2 bxc4 31. Rxe5 Bd6 32. Ree1 Bxf4 33. Rxc4 Bg3 34. Rb1
b5 35. Rcb4 Bxh4 36. Kh2 Rc8 37. Kh3 Bg5 38. R4b3 Rc2 39. R1b2 Rc4 40. Rb4 Rxb4
41. Rxb4 Bd2 42. Rb2 Bc3 43. Ra2 b4 44. Ra8+ Kh7 45. Bd1 g6 46. fxg6+ fxg6 47.
Ra7 Kg8 48. Kg3 Be5+ 49. Kh3 h5 50. Kh4 hxg4 51. Rxd7 Nxd7 52. Bxg4 Nc5 53. Kg5
Kg7 54. Bd1 b3 55. Kg4 b2 56. Bc2 Nb3 57. Kg5 Nd2 58. Bxg6 Kf8 59. Bc2 Ke7 60.
Kf5 Kd6 61. Kg4 Kd5 62. Kh3 Kc4 63. Kg2 Kc3 64. Bg6 Bd4 65. Kg3 Nc4 66. Bb1 Kd2
67. Kf4 Kc1 68. Ba2 Nd6 69. Kf3 Nb5 0-1

[Event "Leruitte 2011"]
[Site "CRELEL"]
[Date "2011.05.06"]
[Round "2"]
[White "Stefani, Philippe"]
[Black "Aydogdu, Hakan"]
[Result "0-1"]
[WhiteElo "1641"]
[BlackElo "1681"]
[PlyCount "96"]
[EventDate "2011.??.??"]

1. e4 c5 2. d4 cxd4 3. c3 Nc6 4. cxd4 d5 5. e5 Qa5+ 6. Bd2 Qb6 7. Bc3 Bf5 8.
Nf3 h6 9. Nbd2 e6 10. a3 Rc8 11. Rc1 Nge7 12. Be2 Bh7 13. O-O Nf5 14. Bd3 Be7
15. g4 Ne3 16. fxe3 Bxd3 17. Rf2 O-O 18. Nf1 Bg6 19. Ng3 Na5 20. Nd2 Bg5 21.
Qe2 Nc4 22. Nxc4 Rxc4 23. Rcf1 Qc7 24. e4 Rxc3 25. bxc3 Qxc3 26. Qb2 Qxb2 27.
Rxb2 Be3+ 28. Kg2 Bxd4 29. Rxb7 dxe4 30. Re1 e3 31. Kf3 Rc8 32. Rd7 Bb6 33. Ne4
Rc2 34. h4 h5 35. g5 Bf5 36. Nd6 Bg4+ 37. Ke4 Rf2 38. Rxe3 Bxe3 39. Kxe3 Rf3+
40. Kd4 Rxa3 41. Rd8+ Kh7 42. Nxf7 Bh3 43. Rc8 Bf1 44. Rc6 Kg6 45. Nd6 Ra4+ 46.
Nc4 Rxc4+ 47. Rxc4 Bxc4 48. Kxc4 Kf5 0-1

[Event "Leruitte 2011"]
[Site "CRELEL"]
[Date "2011.06.10"]
[Round "6"]
[White "Alessi, David"]
[Black "Barbier, Frederic"]
[Result "1/2-1/2"]
[WhiteElo "1724"]
[BlackElo "1768"]
[PlyCount "39"]
[EventDate "2011.??.??"]

1. e4 c5 2. Bc4 Nc6 3. f4 e6 4. Nc3 Nh6 5. Nf3 f5 6. d3 Na5 7. b3 Nxc4 8. bxc4
Be7 9. O-O O-O 10. e5 b6 11. Ne2 Bb7 12. c3 Kh8 13. Kh1 Nf7 14. d4 g5 15. d5 g4
16. Ne1 Rg8 17. Nc2 h5 18. Be3 h4 19. Bf2 Qf8 20. Ne3 1/2-1/2

[Event "Leruitte 2011"]
[Site "CRELEL"]
[Date "2011.04.29"]
[Round "1"]
[White "Magis, Pierre"]
[Black "Barbier, Frederic"]
[Result "1/2-1/2"]
[WhiteElo "1646"]
[BlackElo "1768"]
[PlyCount "74"]
[EventDate "2011.??.??"]

1. e4 c5 2. Nc3 Nc6 3. Nf3 Nf6 4. Bc4 d6 5. d4 Bg4 6. dxc5 dxc5 7. Qxd8+ Rxd8
8. Ng5 e6 9. h3 Bh5 10. Be3 h6 11. Nf3 a6 12. Be2 Bg6 13. Nd2 Nb4 14. O-O-O b5
15. a3 Nc6 16. f3 Nd4 17. Bxd4 cxd4 18. Nxb5 axb5 19. Bxb5+ Nd7 20. Nc4 Ke7 21.
Rxd4 f6 22. Rhd1 Be8 23. Bxd7 Rxd7 24. b4 Rxd4 25. Rxd4 Kf7 26. Nd6+ Bxd6 27.
Rxd6 Ke7 28. Rb6 Bd7 29. c4 Rd8 30. c5 Ba4 31. Rb7+ Rd7 32. Rxd7+ Kxd7 33. Kd2
Kc6 34. Kc3 Kb5 35. f4 e5 36. g3 g5 37. fxe5 fxe5 1/2-1/2

[Event "Leruitte 2011"]
[Site "CRELEL"]
[Date "2011.05.06"]
[Round "2"]
[White "Nottet, Tristan"]
[Black "Barbier, Frederic"]
[Result "0-1"]
[WhiteElo "1625"]
[BlackElo "1768"]
[PlyCount "48"]
[EventDate "2011.??.??"]

1. e4 c5 2. Ne2 e5 3. Nbc3 Nf6 4. d3 d5 5. exd5 Nxd5 6. g3 Nc6 7. Bg2 Be6 8.
O-O Be7 9. Be3 O-O 10. Nxd5 Bxd5 11. Bxd5 Qxd5 12. Nc3 Qd7 13. Ne4 b6 14. Qh5
f5 15. Ng5 Bxg5 16. Bxg5 f4 17. Kh1 Nd4 18. Rac1 h6 19. Bh4 Qh3 20. Qxe5 f3 21.
Rg1 Rae8 22. Qh5 Ne2 23. g4 Nxg1 24. Rxg1 Re1 0-1

[Event "Leruitte 2011"]
[Site "CRELEL"]
[Date "2011.05.27"]
[Round "4"]
[White "Stefani, Philippe"]
[Black "Barbier, Frederic"]
[Result "1/2-1/2"]
[WhiteElo "1641"]
[BlackElo "1768"]
[PlyCount "78"]
[EventDate "2011.??.??"]

1. d4 Nf6 2. Nf3 e6 3. a3 c5 4. g3 Nc6 5. c3 d5 6. Bg2 Bd6 7. O-O O-O 8. Nbd2
h6 9. Qc2 cxd4 10. cxd4 Qb6 11. Nb3 Ne4 12. Be3 Na5 13. Nxa5 Qxa5 14. Nd2 Nf6
15. Rac1 Ng4 16. Qd3 Nxe3 17. Qxe3 Qb5 18. b4 b6 19. Rc2 Ba6 20. Bf3 Rac8 21.
Rfc1 Rxc2 22. Rxc2 Qa4 23. Qb3 Qxb3 24. Nxb3 Bc4 25. Nd2 Rc8 26. Nxc4 Rxc4 27.
Rxc4 dxc4 28. e3 a5 29. bxa5 bxa5 30. a4 f5 31. Kf1 Kf7 32. Ke1 Bb4+ 33. Kd1
Kf6 34. Be2 c3 35. Kc2 g5 36. h3 Ke7 37. Bf3 Kd6 38. Bg2 e5 39. dxe5+ Kxe5
1/2-1/2

[Event "Leruitte 2011"]
[Site "CRELEL"]
[Date "2011.06.17"]
[Round "7"]
[White "Lievens, Robert"]
[Black "Becker, Joseph"]
[Result "1-0"]
[WhiteElo "1571"]
[BlackElo "1496"]
[PlyCount "25"]
[EventDate "2011.??.??"]

1. e4 c6 2. d4 d5 3. Nc3 g6 4. Bd3 Bg7 5. Be3 e6 6. Nge2 Ne7 7. Qd2 O-O 8. h4
f5 9. e5 Rf7 10. Nf4 Qf8 11. O-O-O a6 12. Na4 b5 13. Nc5 1-0

[Event "Leruitte 2011"]
[Site "CRELEL"]
[Date "2011.06.03"]
[Round "5"]
[White "Monticelli, Romain"]
[Black "Becker, Joseph"]
[Result "1-0"]
[WhiteElo "1606"]
[BlackElo "1496"]
[PlyCount "49"]
[EventDate "2011.??.??"]

1. d4 d5 2. c4 c6 3. Nc3 Nf6 4. Nf3 g6 5. Bf4 Bg7 6. e3 h6 7. Bd3 Nh7 8. Qb3 e6
9. O-O g5 10. Be5 Bxe5 11. Nxe5 Nd7 12. Qc2 f5 13. cxd5 Nxe5 14. dxe5 cxd5 15.
Nb5 O-O 16. Nd6 g4 17. Rac1 Ng5 18. Qc7 Nf7 19. Nxf7 Qxc7 20. Nxh6+ Kg7 21.
Nxf5+ exf5 22. Rxc7+ Rf7 23. Rfc1 Be6 24. g3 Rxc7 25. Rxc7+ 1-0

[Event "Leruitte 2011"]
[Site "CRELEL"]
[Date "2011.05.27"]
[Round "4"]
[White "Becker, Joseph"]
[Black "Champt, Victor"]
[Result "1-0"]
[WhiteElo "1496"]
[BlackElo "1616"]
[PlyCount "28"]
[EventDate "2011.??.??"]

1. d4 d5 2. Bg5 Nf6 3. Nf3 Nc6 4. e3 Bg4 5. Be2 Qd6 6. c3 Ne4 7. Bf4 Qd7 8. h3
Bf5 9. Bb5 f6 10. g4 Bg6 11. Nh4 a6 12. Bd3 Bf7 13. Qf3 g5 14. Bxg5 Nxg5 1-0

[Event "Leruitte 2011"]
[Site "CRELEL"]
[Date "2011.05.06"]
[Round "2"]
[White "Renard, Alain"]
[Black "Champt, Victor"]
[Result "0-1"]
[WhiteElo "1560"]
[BlackElo "1616"]
[PlyCount "92"]
[EventDate "2011.??.??"]

1. e4 c5 2. Nc3 Nc6 3. g3 g6 4. Bg2 Bg7 5. d3 d6 6. Nge2 e6 7. O-O Nge7 8. f4
O-O 9. g4 f5 10. h3 Rb8 11. Ng3 Nd4 12. Nce2 fxg4 13. hxg4 b5 14. c3 Nxe2+ 15.
Qxe2 Bb7 16. Be3 Qd7 17. Rad1 a6 18. d4 c4 19. d5 exd5 20. exd5 Rbe8 21. Bf3
Rf7 22. g5 Bc8 23. f5 gxf5 24. Bh5 Ng6 25. Qd2 Qe7 26. Rde1 Qf8 27. Ne2 Rfe7
28. Bd4 Bxd4+ 29. Nxd4 Rxe1 30. Rxe1 Rxe1+ 31. Qxe1 Qe7 32. Ne6 Bxe6 33. Qxe6+
Qxe6 34. dxe6 Kf8 35. Bf3 Ke7 36. Bb7 a5 37. Ba6 Kxe6 38. Bxb5 d5 39. Kf2 Ke5
40. Ke3 Nf4 41. b3 cxb3 42. axb3 Ne6 43. b4 d4+ 44. cxd4+ Nxd4 45. Bd3 axb4 46.
Bb1 Ne6 0-1

[Event "Leruitte 2011"]
[Site "CRELEL"]
[Date "2011.06.10"]
[Round "6"]
[White "Ancion, Merowig"]
[Black "Costa, Serge"]
[Result "1/2-1/2"]
[WhiteElo "1808"]
[BlackElo "1985"]
[PlyCount "81"]
[EventDate "2011.??.??"]

1. d4 e6 2. Nf3 b6 3. e4 Bb7 4. Bd3 d5 5. e5 c5 6. c3 Qc7 7. O-O Ne7 8. a4 Nec6
9. Be3 Nd7 10. Qe2 Be7 11. Na3 a6 12. Rac1 c4 13. Bc2 Bxa3 14. bxa3 Na5 15. Nd2
Bc6 16. Qg4 g6 17. Bg5 h6 18. Qh4 h5 19. Rfe1 Nf8 20. f4 Nh7 21. Qf2 Nxg5 22.
fxg5 Qe7 23. Rf1 Rf8 24. Rb1 b5 25. axb5 axb5 26. Qf6 Qxa3 27. Bxg6 fxg6 28.
Qxe6+ Qe7 29. Rxf8+ Kxf8 30. Qxg6 Qg7 31. Rf1+ Kg8 32. Qe6+ Kh8 33. Rf6 Qxg5
34. Rg6 Qe3+ 35. Kf1 Rf8+ 36. Nf3 Rxf3+ 37. gxf3 Qxf3+ 38. Kg1 Qe3+ 39. Kg2
Qe4+ 40. Kg3 h4+ 41. Kf2 1/2-1/2

[Event "Leruitte 2011"]
[Site "CRELEL"]
[Date "2011.05.06"]
[Round "2"]
[White "Vandevoort, Pascal"]
[Black "Costa, Serge"]
[Result "1-0"]
[WhiteElo "2414"]
[BlackElo "1985"]
[PlyCount "74"]
[EventDate "2011.??.??"]

1. Nf3 e6 2. g3 d5 3. Bg2 Nd7 4. O-O f5 5. d3 Ngf6 6. Nbd2 Bd6 7. e4 fxe4 8.
dxe4 O-O 9. Qe2 Nxe4 10. Nxe4 dxe4 11. Qxe4 Qf6 12. Ng5 Qf5 13. Qxe6+ Qxe6 14.
Nxe6 Re8 15. Ng5 Nf6 16. Be3 h6 17. Nf3 Nd5 18. Bd2 c6 19. Rad1 Bc7 20. c4 Nf6
21. b3 Bg4 22. h3 Bh5 23. Bc3 Ne4 24. Bxg7 Bb6 25. Bd4 Bxd4 26. Rxd4 Nc3 27.
Rd7 Rab8 28. a3 Bg6 29. b4 Red8 30. Rxd8+ Rxd8 31. Re1 Kf8 32. Ne5 Bc2 33. Bf3
Nb1 34. Re3 Nd2 35. Bg4 Bb3 36. Nd7+ Kg8 37. Rd3 Ne4 1-0

[Event "Leruitte 2011"]
[Site "CRELEL"]
[Date "2011.05.27"]
[Round "4"]
[White "Wlogalski, Olivier"]
[Black "Costa, Serge"]
[Result "*"]
[WhiteElo "1906"]
[BlackElo "1985"]
[PlyCount "85"]
[EventDate "2011.??.??"]

1. b3 d5 2. Bb2 c5 3. e3 Nc6 4. Bb5 Qb6 5. Ba4 Bd7 6. Nf3 Nf6 7. Bxc6 Bxc6 8.
Ne5 Nd7 9. Nxc6 Qxc6 10. f4 O-O-O 11. O-O h5 12. d3 Nf6 13. Nd2 Ng4 14. Qe2 e6
15. e4 d4 16. Nc4 b5 17. Ne5 Nxe5 18. fxe5 Qc7 19. c3 Qxe5 20. cxd4 cxd4 21.
Bc1 g5 22. Rxf7 Bd6 23. g3 Kb8 24. Bd2 h4 25. Be1 hxg3 26. Bxg3 Qc5 27. e5 Qc3
28. Raf1 Ba3 29. Qe4 Rd5 30. Qg6 Re8 31. Qh7 Bc5 32. Rb7+ Ka8 33. Rxb5 Bb6 34.
Rxd5 exd5 35. Qd7 Rd8 36. Qf5 Qd2 37. e6 Qe3+ 38. Kh1 Kb7 39. Re1 Qd2 40. e7
Re8 41. Qd7+ Ka6 42. Qxe8 Qxd3 43. Qf7 *

[Event "Leruitte 2011"]
[Site "CRELEL"]
[Date "2011.05.06"]
[Round "2"]
[White "Fraiture, Antonio"]
[Black "Dans, Guy"]
[Result "0-1"]
[WhiteElo "1414"]
[BlackElo "1395"]
[PlyCount "88"]
[EventDate "2011.??.??"]

1. Nf3 Nf6 2. d4 e6 3. c4 c5 4. Nc3 cxd4 5. Nxd4 Be7 6. g3 Nc6 7. Bg2 O-O 8.
O-O a6 9. a3 Qc7 10. Nf3 Rb8 11. Bf4 e5 12. Bg5 b5 13. Bxf6 Bxf6 14. Ne4 Qd8
15. Nxf6+ Qxf6 16. c5 Rd8 17. Nd2 Bb7 18. Ne4 Qe7 19. Nd6 Ba8 20. e3 Na5 21. e4
Nb7 22. Rc1 Nxd6 23. cxd6 Qe6 24. Qd2 Rb6 25. Rfd1 Rc6 26. Qa5 Rdc8 27. Rxc6
Bxc6 28. Qd2 Ra8 29. Qe3 a5 30. b3 a4 31. b4 Rc8 32. h4 g6 33. Kh2 Kg7 34. Bh3
Qc4 35. h5 f6 36. hxg6 hxg6 37. Rd2 Bxe4 38. Bxd7 Rd8 39. Qa7 Rh8+ 40. Bh3+ Kh6
41. Qe3+ g5 42. d7 Kg6 43. d8=Q Rxh3+ 44. Kxh3 Qf1+ 0-1

[Event "Leruitte 2011"]
[Site "CRELEL"]
[Date "2011.05.27"]
[Round "4"]
[White "Morgenthal, Renaud"]
[Black "Dans, Guy"]
[Result "1-0"]
[WhiteElo "1468"]
[BlackElo "1395"]
[PlyCount "58"]
[EventDate "2011.??.??"]

1. e4 e5 2. Nf3 Nc6 3. d4 exd4 4. Bc4 Nf6 5. O-O Be7 6. Nxd4 Ne5 7. Bb3 O-O 8.
Nf5 d6 9. Nxe7+ Qxe7 10. Bg5 Be6 11. f4 Bxb3 12. cxb3 Neg4 13. Qxg4 Nxg4 14.
Bxe7 Rfe8 15. Bh4 Rxe4 16. Nc3 Ree8 17. Nd5 Ne3 18. Nxc7 Nxf1 19. Nxa8 Rxa8 20.
Kxf1 Kf8 21. Rd1 f6 22. Rxd6 Ke7 23. Rd2 Rc8 24. Ke2 Ke6 25. Bf2 a6 26. g3 Re8
27. Kf3 h6 28. Re2+ Kf7 29. Rxe8 Kxe8 1-0

[Event "Leruitte 2011"]
[Site "CRELEL"]
[Date "2011.06.10"]
[Round "6"]
[White "Thirion, Christian"]
[Black "Dans, Guy"]
[Result "0-1"]
[WhiteElo "1300"]
[BlackElo "1395"]
[PlyCount "42"]
[EventDate "2011.??.??"]

1. e4 c5 2. Nf3 d6 3. Nc3 a6 4. d4 cxd4 5. Nxd4 Nf6 6. Be3 e6 7. Be2 Be7 8. Qd2
O-O 9. O-O-O Qc7 10. h4 e5 11. Nf3 b5 12. Nd5 Nxd5 13. Qxd5 Bb7 14. Qd3 Nc6 15.
Qb3 h6 16. g4 Rac8 17. Bd3 Na5 18. Qb4 d5 19. Qe1 dxe4 20. g5 exd3 21. Rxd3
Qxc2# 0-1

[Event "Leruitte 2011"]
[Site "CRELEL"]
[Date "2011.05.27"]
[Round "4"]
[White "Giordano, Francesco"]
[Black "Fraiture, Antonio"]
[Result "1-0"]
[WhiteElo "1327"]
[BlackElo "1414"]
[PlyCount "53"]
[EventDate "2011.??.??"]

1. e4 d6 2. d4 c5 3. c3 cxd4 4. cxd4 Nc6 5. Bb5 Bd7 6. Nf3 a6 7. Ba4 b5 8. Bb3
e6 9. O-O Nge7 10. Nc3 Na5 11. Bc2 g6 12. b3 Bg7 13. Re1 Qc7 14. Bb2 Rc8 15.
Rc1 O-O 16. e5 Nf5 17. Bxf5 gxf5 18. Nd5 Qb7 19. Ne7+ Kh8 20. Nxc8 Bxc8 21. Qd2
Nc6 22. Qg5 Rg8 23. Qh5 f6 24. Nh4 Ne7 25. exd6 Bf8 26. Rc7 Rg5 27. Rxb7 1-0

[Event "Leruitte 2011"]
[Site "CRELEL"]
[Date "2011.04.29"]
[Round "1"]
[White "Thirion, Christian"]
[Black "Fraiture, Antonio"]
[Result "0-1"]
[WhiteElo "1300"]
[BlackElo "1414"]
[PlyCount "27"]
[EventDate "2011.??.??"]

1. e4 c5 2. Nf3 d6 3. c3 Nf6 4. e5 dxe5 5. Nxe5 Qd5 6. Nf3 Nc6 7. Bb5 a6 8. Ba4
b5 9. Bb3 c4 10. Bc2 Bb7 11. Qe2 Rd8 12. d4 g6 13. Be3 Qd7 14. Qd2 0-1

[Event "Leruitte 2011"]
[Site "CRELEL"]
[Date "2011.06.17"]
[Round "7"]
[White "Dans, Guy"]
[Black "Giordano, Francesco"]
[Result "1-0"]
[WhiteElo "1395"]
[BlackElo "1327"]
[PlyCount "39"]
[EventDate "2011.??.??"]

1. e4 e5 2. Nf3 Nc6 3. d4 exd4 4. Nxd4 Nf6 5. Nc3 Bb4 6. Bc4 d5 7. exd5 Nxd5 8.
O-O Nxc3 9. Qf3 O-O 10. Nxc6 Qd6 11. bxc3 bxc6 12. cxb4 Qxb4 13. Bb3 Qd6 14. a4
Bb7 15. Ba3 Qh6 16. Bxf8 Rxf8 17. Rad1 Bc8 18. Rfe1 Qg6 19. Rd3 Kh8 20. Rde3
1-0

[Event "Leruitte 2011"]
[Site "CRELEL"]
[Date "2011.04.29"]
[Round "1"]
[White "Morgenthal, Renaud"]
[Black "Giordano, Francesco"]
[Result "1-0"]
[WhiteElo "1468"]
[BlackElo "1327"]
[PlyCount "69"]
[EventDate "2011.??.??"]

1. e4 e5 2. Nf3 Nc6 3. d4 d6 4. dxe5 Nxe5 5. Nxe5 dxe5 6. Qxd8+ Kxd8 7. Bc4 Ke8
8. O-O Nf6 9. Nc3 Bd6 10. Bg5 h6 11. Bxf6 gxf6 12. Nd5 Be6 13. Nxf6+ Ke7 14.
Nd5+ Bxd5 15. Bxd5 c6 16. Bb3 Rhg8 17. Rad1 Rg7 18. Rd3 Rag8 19. g3 h5 20. Rfd1
Rg6 21. Bxf7 Kxf7 22. Rxd6 Rxd6 23. Rxd6 Rg7 24. Rd7+ Kg6 25. Rxg7+ Kxg7 26. f4
Kf6 27. Kf2 c5 28. Kf3 c4 29. h4 b5 30. c3 a5 31. a3 Ke6 32. g4 hxg4+ 33. Kxg4
exf4 34. Kxf4 b4 35. cxb4 1-0

[Event "Leruitte 2011"]
[Site "CRELEL"]
[Date "2011.05.13"]
[Round "3"]
[White "Pitz, Luc"]
[Black "Giordano, Francesco"]
[Result "1-0"]
[WhiteElo "1444"]
[BlackElo "1327"]
[PlyCount "57"]
[EventDate "2011.??.??"]

1. e4 e5 2. f4 exf4 3. Nf3 g5 4. Bc4 g4 5. Bxf7+ Ke7 6. Bxg8 Rxg8 7. Nd4 d6 8.
O-O c5 9. Nf5+ Bxf5 10. exf5 Kd7 11. Rxf4 h5 12. Qe2 Nc6 13. Qe6+ Kc7 14. Qxg8
Qe8 15. Qe6 Qxe6 16. fxe6 Nd4 17. Rf2 Kc6 18. a4 Bh6 19. Nc3 a6 20. d3 Bxc1 21.
Rxc1 Nxe6 22. Re1 Nc7 23. Re7 Rc8 24. Ne4 a5 25. Nf6 b6 26. Nxh5 d5 27. Nf6 c4
28. d4 Kb7 29. Nxd5 1-0

[Event "Leruitte 2011"]
[Site "CRELEL"]
[Date "2011.06.03"]
[Round "5"]
[White "Thirion, Christian"]
[Black "Giordano, Francesco"]
[Result "1-0"]
[WhiteElo "1300"]
[BlackElo "1327"]
[PlyCount "47"]
[EventDate "2011.??.??"]

1. e4 e5 2. Nf3 Nc6 3. d4 exd4 4. Nxd4 Nf6 5. Nxc6 bxc6 6. Nc3 d6 7. Bc4 Be7 8.
Be3 O-O 9. Qd2 Bb7 10. f3 Re8 11. O-O-O Bf8 12. Bg5 Be7 13. h4 Nh5 14. g4 Ng3
15. Rhg1 Nxe4 16. fxe4 Bxg5 17. hxg5 g6 18. Rdf1 Re5 19. Rxf7 Kh8 20. Rh1 Re7
21. Qd4+ Re5 22. Rhxh7+ Kg8 23. Rfg7+ Kf8 24. Rg8# 1-0

[Event "Leruitte 2011"]
[Site "CRELEL"]
[Date "2011.04.29"]
[Round "1"]
[White "Valembois, Pierre"]
[Black "Hardy, Roger"]
[Result "0-1"]
[WhiteElo "1150"]
[BlackElo "1249"]
[PlyCount "25"]
[EventDate "2011.??.??"]

1. e4 c5 2. d4 cxd4 3. c3 g6 4. Qxd4 Nf6 5. Qd3 Nc6 6. g3 Bg7 7. Bg2 O-O 8. Nh3
d6 9. Bf4 Nh5 10. Qd2 Nxf4 11. Nxf4 Bh6 12. Na3 e5 13. O-O-O 0-1

[Event "Leruitte 2011"]
[Site "CRELEL"]
[Date "2011.06.17"]
[Round "7"]
[White "Arabia, Allan"]
[Black "Hardy, Roger"]
[Result "1-0"]
[WhiteElo "1197"]
[BlackElo "1242"]
[PlyCount "79"]
[EventDate "2011.??.??"]

1. e4 c5 2. c3 g6 3. d4 cxd4 4. cxd4 d5 5. Bb5+ Bd7 6. Bxd7+ Nxd7 7. exd5 Nb6
8. Nc3 Nf6 9. Qb3 Nfxd5 10. Qb5+ Qd7 11. Nxd5 Qxb5 12. Nc7+ Kd7 13. Nxb5 a6 14.
Nc3 Bg7 15. Nf3 Rhd8 16. O-O Ke8 17. Rd1 Nc4 18. b3 Na5 19. Bb2 Nc6 20. d5 Nb4
21. Na4 Bxb2 22. Nxb2 Rac8 23. Na4 Rc2 24. a3 Na2 25. Nd4 Nc3 26. Nxc2 Nxd1 27.
Rxd1 Rc8 28. Rd2 h5 29. h3 b5 30. Nb2 a5 31. Re2 Rd8 32. Ne3 Rc8 33. a4 bxa4
34. bxa4 Rb8 35. Nec4 Rd8 36. d6 Rd7 37. Nd3 f6 38. Nc5 Ra7 39. Nxa5 Kf7 40.
Nc6 1-0

[Event "Leruitte 2011"]
[Site "CRELEL"]
[Date "2011.05.13"]
[Round "2"]
[White "Costa, Serge"]
[Black "Iafelice, Luigi"]
[Result "1-0"]
[WhiteElo "1985"]
[BlackElo "1800"]
[PlyCount "107"]
[EventDate "2011.??.??"]

1. d4 Nf6 2. Nf3 c5 3. e3 g6 4. Nbd2 Bg7 5. Be2 d6 6. O-O O-O 7. c4 Nc6 8. d5
Ne5 9. Nxe5 dxe5 10. e4 Qc7 11. Rb1 a5 12. b3 Ne8 13. Bb2 f5 14. f3 f4 15. Rf2
g5 16. g3 Ra6 17. Bc3 Rg6 18. g4 Kf7 19. a3 h5 20. h3 Rh8 21. Rg2 hxg4 22. hxg4
Rgh6 23. Kf2 b6 24. b4 axb4 25. axb4 Rh1 26. Qa4 Rxb1 27. Nxb1 Qd6 28. Bf1 Nf6
29. Nd2 Nd7 30. Qa3 Bb7 31. bxc5 Nxc5 32. Bb4 Ra8 33. Qb2 Ra4 34. Bc3 Kg6 35.
Rh2 Nd7 36. Nb3 Nc5 37. Ke2 Nd7 38. Kf2 Ra8 39. Bd3 Rh8 40. Rxh8 Bxh8 41. Qa2
Kf7 42. Kg1 Nc5 43. Bb4 Qc7 44. Bxc5 bxc5 45. Qa7 Qc8 46. Nxc5 Ba8 47. Qb6 Bf6
48. Qe6+ Qxe6 49. Nxe6 Kg8 50. c5 Bb7 51. Bb5 Bc8 52. c6 Kf7 53. c7 Kg8 54. Kf2
1-0